000 00655pam a2200217 a 4500
001 1966706
005 20171220070140.0
008 881028s1989 ilua b 001 0 eng
010 _a 88037979
020 _a0673384780 :
_c$22.95
040 _aDLC
_cDLC
_dDLC
041 _aeng
080 _a658.4012 PFE
082 0 0 _a658.4012 PFE
_219
100 1 _a55
101 _aNDE
245 1 0 _aShaping strategic planning :
_cJ. William Pfeiffer, Leonard D. Goodstein, Timothy M. Nolan.
504 _aIncludes bibliographies and index.
906 _a7
_bcbc
_corignew
_d1
_eocip
_f19
_gy-gencatlg
942 _2ddc
_cBK
999 _c39222
_d39222